000 00350nam a22001217a 4500
999 _c280
_d280
005 20200812110007.0
008 200812b ||||| |||| 00| 0 eng d
020 _a10154
040 _cCML
245 _aScience, History and Faith.
_cRichardson, A.
260 _aLondon
_bOxford University
_c1950
942 _2ddc
_cBK
_e1st Editon
_h230
_mALA